Analýza modelov, postupov a techník ohodnocovania dlhopisov diplomová práca

Enregistré dans:
Détails bibliographiques
Auteur principal: Blahunková, Dominika
Collectivité auteur: Fakulta podnikového manažmentu EU. Katedra podnikových financií
Autres auteurs: Polednáková, Anna, 1957-
Format: Livre
Langue:slovaque
Publié: Bratislava 2015
Tags: Ajouter un tag
Pas de tags, Soyez le premier à ajouter un tag!

MARC

LEADER 00000nbm a2200000 4500
001 0201294
005 20161212101615.2
041 0 |a slo 
044 |a SK 
245 1 0 |a Analýza modelov, postupov a techník ohodnocovania dlhopisov  |b diplomová práca  |c Dominika Blahunková ; školiteľ: Anna Polednáková 
264 1 |a Bratislava  |c 2015 
300 |a 81 s. 
100 1 |a Blahunková, Dominika 
700 1 |a Polednáková, Anna, 1957- 
710 2 |a Fakulta podnikového manažmentu EU. Katedra podnikových financií